Selecta Graecorum scriptorum : prosa et versa oratione exempla ey lexicon pro classe media grammatices

Gespeichert in:
Bibliographische Detailangaben
Format: Buch
Sprache:Italienisch
Latein
Erschienen: Taurini : Marietti, 1846
Katalog:EDISCO:  Suchergebnis im Bibliothekskatalog
Schulbuchspezifische Eigenschaften:
Schlagworte:
Tags: Tag hinzufügen
Keine Tags, Fügen Sie den ersten Tag hinzu!
Hinzugefügt zu:30.04.2016
Geändert in:04.10.2017

MARC

LEADER 00000aam a22000007 4500
001 23984
003 OSt
005 20171004090902.0
008 160501s1846 it 000 0 ita
040 |c milena maione 
041 1 |a lat 
245 0 0 |a Selecta Graecorum scriptorum :   |b prosa et versa oratione exempla ey lexicon pro classe media grammatices  
260 |a Taurini :  |b Marietti,  |c 1846 
300 |a 124 p. ;   |c 17 cm 
500 |a Testo per traduzioni 
650 4 |a Greco  |9 44 
655 |a Antologia  |9 32 
690 7 |a Secondaria inferiore  |9 97 
901 |a 7 
942 |2 ddc  |c BK 
546 |a ita 
999 |c 23972  |d 23972 
999 |c edisco:23972  |d 23972